| 000 | 00408nam a2200181Ia 4500 | ||
|---|---|---|---|
| 005 | 20250423095032.0 | ||
| 008 | 250422s9999 xx 000 0 und d | ||
| 020 | _a05553563521 | ||
| 050 | _aPS 3561 .E 3865 D48/ | ||
| 100 | _aKellerman, Jonathan | ||
| 245 | 0 | _aDevil’s waltz | |
| 260 | _aNew York | ||
| 260 | _bBantam | ||
| 260 | _c1993 | ||
| 300 | _a494 p | ||
| 650 | _aLiterature | ||
| 942 | _cBK | ||
| 999 |
_c29044 _d29044 |
||